000
00301nam a22001457a 4500
020
_a
978-81-264-6406-7
082
_a
834.812.3
_b
CHA/K
100
_a
CHANDRAN, SUBASH
245
_a
KATHKAL
260
_a
KOTTAYAM
_b
DC BOOKS
_c
2016
300
_a
367
520
_a
NOVEL
650
_a
NOVEL
942
_c
BK
999
_c
4850
_d
4850